000 00287nam a22001337a 4500
008 170313b xxu||||| |||| 00| 0 eng d
020 _a9780130172914
041 _aeng
080 _a591
100 _a7
101 _aSHM
245 _aEVOLUTIONARY ANALYSIS
_cFREEMAN.S
942 _2udc
_cBK
999 _c7695
_d7695